Argentina y la oportunidad de avanzar hacia los parlamentos electrónicos (Registro nro. 33761)
[ vista simple ]
| 000 -LEADER | |
|---|---|
| fixed length control field | 00400 a2200121 4500 |
| 001 - CONTROL NUMBER | |
| control field | ART_51161 |
| 005 - DATE AND TIME OF LATEST TRANSACTION | |
| control field | 20260410162028.0 |
| 008 - FIXED-LENGTH DATA ELEMENTS--GENERAL INFORMATION | |
| fixed length control field | 260409a |
| 100 1# - MAIN ENTRY--PERSONAL NAME | |
| Personal name | Borinsky, Mariano H. |
| 245 10 - TITLE STATEMENT | |
| Title | Argentina y la oportunidad de avanzar hacia los parlamentos electrónicos |
| 700 1# - ADDED ENTRY--PERSONAL NAME | |
| Personal name | Schurjin Almenar, Daniel |
| 773 0# - HOST ITEM ENTRY | |
| Title | Temas de derecho procesal |
| Related parts | - N° 9 (sep. 2020) |
| Record control number | REV44095 |
No hay ítems disponibles.